[Event "Tilburg"]
[Site "Tilburg"]
[Date "1993.??.??"]
[Round "1"]
[White "Seirawan, Yasser"]
[Black "Dorfman, Josif D"]
[Result "1/2-1/2"]
[WhiteElo "2575"]
[BlackElo "2555"]

1.c4 e6 2.Nf3 d5 3.b3 Be7 4.Bb2 Nf6 5.g3 O-O 6.Bg2 b6 7.O-O Bb7 8.e3 c5 9.Nc3 Ne4
10.cxd5 Nxc3 11.dxc3 Bxd5 12.c4 Be4 13.Ne5 Bxg2 14.Kxg2 Qxd1 15.Raxd1 f6
16.Nd3 Kf7 17.f4 Nc6 18.f5 exf5 19.Rxf5 Rad8 20.Rd5 Rxd5 21.cxd5 Nb8 22.e4 Nd7
23.Rf1 Kg8 24.e5 fxe5 25.Nxe5 Rxf1 26.Kxf1 Nf6 27.Nc6 Nxd5 28.Nxa7 Kf7 29.Ke2 Bf6
30.Bxf6 Kxf6 31.a4 Ke5 32.Kd3 Kd6 33.Nb5+ Kc6 34.Ke4 Nb4 35.Na3 Na2 36.Nc4 Nc1
37.Nd2 b5 38.Ke5 bxa4 39.bxa4 Nd3+ 40.Ke6 Nb2 41.h4 c4 42.Kf7 c3 43.Nf3 Kd5
44.Ne1 Nxa4 45.Kxg7 Nc5 46.g4 Ke4 47.Kxh7 Kf4 48.Kg6 Kxg4 49.h5 Ne6 50.h6 Nf8+
51.Kg7 Kh5 52.Kxf8  1/2-1/2

[Event "Amber-blind 3rd"]
[Site "Monte Carlo"]
[Date "1994.??.??"]
[Round "1"]
[White "Seirawan, Yasser"]
[Black "Karpov, Anatoly"]
[Result "1-0"]
[WhiteElo "2585"]
[BlackElo "2740"]

1.d4 Nf6 2.Nf3 e6 3.Bg5 h6 4.Bxf6 Qxf6 5.e4 d6 6.c3 g6 7.Nbd2 Bg7 8.Bc4 Nd7
9.O-O O-O 10.Re1 e5 11.dxe5 dxe5 12.Qc2 a5 13.a3 a4 14.Nf1 Nc5 15.Ne3 c6
16.Rad1 h5 17.Ba2 Qe7 18.Nd2 Rb8 19.f3 b5 20.Ndf1 Be6 21.Bxe6 Nxe6 22.Qf2 Qc7
23.Nc2 Rfd8 24.Nb4 Rbc8 25.Ne3 Bf8 26.Kf1 Nf4 27.Nec2 Rd7 28.g3 Ne6 29.Qe2 Bd6
30.Ne3 Rcd8 31.h4 Qb6 32.Nbc2 Nc5 33.Kg2 Nb3 34.Nf1 Qc7 35.Nce3 Nc5 36.Rd2 Bf8
37.Red1 Bh6 38.Rxd7 Rxd7 39.c4 Rxd1 40.Qxd1 bxc4 41.Nxc4 Nb3 42.Nfe3 Bf8
43.Nc2 Qe7 44.Na1 Nc5 45.b4 axb3 46.Nxb3 Qe6 47.Nbd2 Nd7 48.a4 Bb4 49.Qc2 Nc5
50.a5 Qe7 51.Nb3 Na6 52.Qd3 Nc7 53.Nb6 Nb5 54.Qd7 Qxd7 55.Nxd7 Bc3 56.a6 Na7
57.g4 Kg7 58.g5 f5 59.gxf6+ Kf7 60.Nbc5 Ke8 61.f4 exf4 62.e5 Nc8 63.e6 Bxf6
64.Nxf6+ Ke7 65.Nfe4 Na7 66.Kf3  1-0

[Event "Amber-rapid 3rd"]
[Site "Monte Carlo"]
[Date "1994.??.??"]
[Round "1"]
[White "Karpov, Anatoly"]
[Black "Seirawan, Yasser"]
[Result "1-0"]
[WhiteElo "2740"]
[BlackElo "2585"]

1.d4 d6 2.Nf3 g6 3.g3 Bg7 4.Bg2 Bd7 5.O-O Qc8 6.Re1 e5 7.e4 Nc6 8.dxe5 dxe5
9.b3 Nge7 10.Ba3 O-O 11.Nbd2 f6 12.Nc4 Be6 13.Qe2 Rd8 14.Ne3 Bf8 15.c3 Qd7
16.Red1 Qe8 17.Ne1 Rxd1 18.Rxd1 Rd8 19.Nd3 b6 20.Bc1 Rd7 21.h4 Nd8 22.f4 exf4
23.Nxf4 Rxd1+ 24.Qxd1 Bg7 25.c4 Qd7 26.Ned5 Nxd5 27.Nxe6 Nxe6 28.exd5 Nc5
29.Bf4 a5 30.d6 cxd6 31.Qd5+ Ne6 32.Bxd6 f5 33.Kf1 h5 34.Bf4 Qe8 35.Be3 Kh7
36.Bxb6 Qe7 37.Bf2 Qf6 38.Bf3 f4 39.g4 hxg4 40.Bxg4 Nd4 41.h5 gxh5 42.Qxh5+ Kg8
43.Bxd4 Qxd4 44.Be6+  1-0

[Event "Amber-blind 3rd"]
[Site "Monte Carlo"]
[Date "1994.??.??"]
[Round "8"]
[White "Ljubojevic, Ljubomir"]
[Black "Seirawan, Yasser"]
[Result "1/2-1/2"]
[WhiteElo "2600"]
[BlackElo "2585"]

1.e4 e6 2.d4 d5 3.Nc3 dxe4 4.Nxe4 Nd7 5.Nf3 Ngf6 6.Bd3 c5 7.Nxf6+ Nxf6 8.O-O cxd4
9.Nxd4 Bc5 10.Be3 Bb6 11.Qd2 O-O 12.Nf3 Bxe3 13.Qxe3 b6 14.Ne5 Bb7 15.c4 Qe7
16.a3 Rfd8 17.b4 Nd7 18.Rfd1 Nxe5 19.Qxe5 a5 20.Qc3 Qf6 21.Qxf6 gxf6 22.Bf1 Kf8
23.f3 Rxd1 24.Rxd1 axb4 25.axb4 Ke7 26.Rd4 Ra4 27.b5 Ra8 28.Kf2 f5 29.Be2 h6
30.Rh4 Rh8 31.g3 f6 32.Ke3 Kd6 33.Rh5 Bc8 34.Rh4 Bd7 35.Rd4+ Kc7 36.Kd2 e5
37.Rh4 h5 38.Kc3 Kd6 39.Kb4 Be6 40.Bd3 Bd7 41.h3 Rg8 42.Rxh5 Rxg3 43.Bxf5 Rxf3
44.Bxd7 Kxd7 45.Rh7+ Kc8 46.h4 Rf4 47.h5 Rh4 48.Rf7 Rxh5 49.Rxf6 Kc7 50.Rc6+ Kb7
51.Re6 Kc7 52.Kc3 Rh3+ 53.Kd2 Rh4 54.Kd3 Rd4+ 55.Kc3 Re4 56.Re7+ Kc8 57.Kb4 Kb8  1/2-1/2

[Event "Amber-rapid 3rd"]
[Site "Monte Carlo"]
[Date "1994.??.??"]
[Round "8"]
[White "Seirawan, Yasser"]
[Black "Ljubojevic, Ljubomir"]
[Result "1-0"]
[WhiteElo "2585"]
[BlackElo "2600"]

1.d4 g6 2.e4 Bg7 3.Nf3 d6 4.Nc3 Bg4 5.Be2 Nc6 6.Be3 e5 7.dxe5 dxe5 8.Qxd8+ Rxd8
9.Nd5 Nf6 10.Nxc7+ Kd7 11.Nb5 Nxe4 12.O-O-O+ Ke7 13.Bd3 a6 14.Na3 Nd6 15.Bc5 Bh6+
16.Kb1 Ke6 17.Nc4 Nf5 18.Bb6 Bxf3 19.gxf3 Rd5 20.Ne3 Nxe3 21.fxe3 Ke7 22.c4 Rd7
23.Bc5+ Kf6 24.Be4 Rhd8 25.Rxd7 Rxd7 26.Kc2 Kg5 27.h4+ Kh5 28.Bd5 Ne7 29.Bxf7 Nf5
30.Be6 Rc7 31.Bxf5 gxf5 32.b4 Rc6 33.Kd3 b6 34.Be7 e4+ 35.fxe4 fxe4+ 36.Kd4 Re6
37.Bg5 Bg7+ 38.Kd5 Re5+ 39.Kc6 Re6+ 40.Kb7 Bf8 41.Rb1 h6 42.Bd8 a5 43.a3 axb4
44.axb4 Rd6 45.Bxb6 Kxh4 46.c5 Rd7+ 47.Ka6 Rd3 48.c6 Rc3 49.b5 h5 50.Kb7 Kg4
51.Bd4 Rc4 52.c7 Bd6 53.c8=Q+ Rxc8 54.Kxc8 h4 55.Kd7 Bg3 56.Ke6 Kf3 57.b6 h3
58.Be5  1-0

[Event "Amber-blind 3rd"]
[Site "Monte Carlo"]
[Date "1994.??.??"]
[Round "9"]
[White "Seirawan, Yasser"]
[Black "Kortschnoj, Viktor"]
[Result "1-0"]
[WhiteElo "2585"]
[BlackElo "2615"]

1.d4 Nf6 2.Nf3 e6 3.g3 c5 4.Bg2 cxd4 5.Nxd4 d5 6.O-O e5 7.Nb3 Nc6 8.Bg5 Be6
9.Nc3 d4 10.Ne4 Be7 11.Bxf6 gxf6 12.Nec5 Bc8 13.c3 dxc3 14.bxc3 Qc7 15.Qd2 a5
16.Na4 Nd8 17.Qe3 Ra6 18.Nbc5 Rd6 19.Rab1 O-O 20.Rb2 f5 21.Qxe5 Bf6 22.Qe3 b6
23.Nd3 Bd7 24.Nxb6 Re8 25.Qf4 Ne6 26.Qc4 Qxc4 27.Nxc4 Ra6 28.Rc1 Nf8 29.Nb6 Be6
30.Nc5 Ra7 31.Nxe6 fxe6 32.Rb5 Rd8 33.a4 Rd2 34.e3 Rc7 35.c4 Ng6 36.c5 Ne5
37.Nc4 Nxc4 38.Rxc4 Rd1+ 39.Bf1 Be7 40.Rxa5 Rd5 41.Ra8+ Kf7 42.c6 Rd6 43.Ra6  1-0

[Event "Amber-rapid 3rd"]
[Site "Monte Carlo"]
[Date "1994.??.??"]
[Round "10"]
[White "Seirawan, Yasser"]
[Black "Kramnik, Vladimir"]
[Result "1/2-1/2"]
[WhiteElo "2585"]
[BlackElo "2710"]

1.d4 d5 2.c4 c6 3.Nc3 Nf6 4.cxd5 cxd5 5.Bf4 Nc6 6.e3 Bg4 7.Nf3 a6 8.Qb3 Bxf3
9.gxf3 Na5 10.Qa4+ Nc6 11.Qb3 Ra7 12.Bd3 e6 13.Rc1 Bd6 14.Bg3 O-O 15.O-O Na5
16.Qc2 Nc6 17.Qe2 Ra8 18.Na4 Rc8 19.Nc5 Bxc5 20.Rxc5 Nd7 21.Rc3 e5 22.dxe5 Ndxe5
23.Bf5 Ra8 24.f4 d4 25.exd4 Nxd4 26.Qxe5 Re8 27.Qc5 b6 28.Bxh7+ Kxh7 29.Qh5+ Kg8
30.Re3 Qf6 31.Rfe1 Rxe3 32.Rxe3 Rc8 33.Qd5 Nf5 34.Re5 g6 35.b4 b5 36.Kg2 Kg7
37.Re2 Rc4 38.a3 Rc3 39.Ra2 Kg8 40.a4 bxa4 41.Rxa4 Rc2 42.Qa8+ Kg7 43.Qe4 Qc6  1/2-1/2

[Event "Moscow ol (Men)"]
[Site "Moscow"]
[Date "1994.??.??"]
[Round "?"]
[White "Seirawan, Yasser"]
[Black "Meduna, Eduard"]
[Result "1-0"]
[WhiteElo "2585"]
[BlackElo "2485"]

1.d4 d5 2.c4 c6 3.Nc3 Nf6 4.e3 g6 5.Nf3 Bg7 6.Bd3 O-O 7.O-O Bf5 8.Bxf5 gxf5
9.cxd5 Nxd5 10.Qb3 Nb6 11.Qc2 e6 12.e4 fxe4 13.Nxe4 h6 14.Bf4 N8d7 15.Rae1 Nd5
16.Be5 Nxe5 17.dxe5 Qe7 18.Ng3 Nf4 19.Re4 Ng6 20.Nh5 Rfd8 21.Rg4 Rd5 22.Qe4 Kf8
23.Nxg7 Kxg7 24.h4 h5 25.Rg5 Rh8 26.g4 hxg4 27.Qxg4 Kf8 28.Re1 Qd7 29.Re4 Rd3
30.Rxg6 fxg6 31.Rf4+ Kg8 32.Rf6 Rh7 33.h5 Rf7 34.Rxg6+ Rg7 35.h6 Rxg6 36.Qxg6+ Kh8
37.Qf6+ Kg8 38.Ng5  1-0

[Event "Moscow ol (Men)"]
[Site "Moscow"]
[Date "1994.??.??"]
[Round "2"]
[White "Gluzman, Mikhail"]
[Black "Seirawan, Yasser"]
[Result "1/2-1/2"]
[WhiteElo "2430"]
[BlackElo "2585"]

1.e4 c6 2.d4 d5 3.exd5 cxd5 4.c4 Nf6 5.Nc3 g6 6.cxd5 Nxd5 7.Nf3 Bg7 8.Bb5+ Bd7
9.Qb3 Nb6 10.a4 Bxb5 11.Qxb5+ Qd7 12.Qb3 Qe6+ 13.Qxe6 fxe6 14.O-O Nc6 15.Re1 Rd8
16.Rxe6 Bxd4 17.Bg5 Bxc3 18.bxc3 Rd5 19.a5 Nc4 20.a6 Kd7 21.Rae1 bxa6 22.h4 Re8
23.Nd4 Re5 24.R1xe5 N4xe5 25.f4 Nxd4 26.Rxa6 Nec6 27.cxd4 Kd6 28.h5 gxh5
29.Kh2 e6 30.Bf6 Kd5 31.Be5 h4 32.Kh3 Rg8 33.Ra2 a5 34.Kxh4 Ra8 35.Ra4 Ra7
36.g4 Rb7 37.Kg5 Rb4 38.Ra1 a4 39.f5 exf5 40.gxf5  1/2-1/2

[Event "Moscow ol (Men)"]
[Site "Moscow"]
[Date "1994.??.??"]
[Round "3"]
[White "Hakulinen, Esko Matti"]
[Black "Seirawan, Yasser"]
[Result "1/2-1/2"]
[WhiteElo "2350"]
[BlackElo "2585"]

1.Nf3 d5 2.d4 c5 3.dxc5 e6 4.a3 Bxc5 5.e3 Nf6 6.c4 O-O 7.Nbd2 b6 8.b4 Be7
9.Bb2 Bb7 10.Bd3 a5 11.bxa5 Rxa5 12.O-O Nbd7 13.cxd5 Bxd5 14.Nc4 Ra8 15.Nce5 Nc5
16.Bb5 Qc7 17.Qe2 Nfe4 18.Bc4 Rfd8 19.Rfd1 Bf6 20.Bxd5 Rxd5 21.Rxd5 exd5
22.Qd1 Qd6 23.Bd4 Ne6 24.Qb3 Nxd4 25.exd4 Rc8 26.a4 Bxe5 27.Nxe5 Ng5 28.h3 Ne6
29.Nf3 g6 30.g3 Rc4 31.Qb2 Qb4 32.Qxb4 Rxb4 33.a5 bxa5 34.Rxa5 Nxd4 35.Ne5 Nb5
36.Ra8+ Kg7 37.Rd8 Kf6 38.Rxd5 Ke6 39.Rc5 Kd6 40.Nd3 Rb3 41.Rc8 Kd7 42.Nc5+ Kxc8
43.Nxb3  1/2-1/2

[Event "Moscow ol (Men)"]
[Site "Moscow"]
[Date "1994.??.??"]
[Round "9"]
[White "Seirawan, Yasser"]
[Black "Soylu, Suat"]
[Result "1-0"]
[WhiteElo "2585"]
[BlackElo "2375"]

1.d4 d5 2.c4 c6 3.Nc3 Nf6 4.e3 g6 5.Nf3 Bg7 6.Bd3 O-O 7.O-O dxc4 8.Bxc4 Bg4
9.Be2 Nbd7 10.e4 Bxf3 11.Bxf3 e5 12.d5 cxd5 13.Nxd5 Nb6 14.Nxf6+ Qxf6 15.b3 Rac8
16.Be3 Rfd8 17.Qe1 a6 18.Qa5 Rc6 19.Rad1 Rxd1 20.Rxd1 Bf8 21.h4 h6 22.h5 g5
23.Bg4 Be7 24.Bf5 Bd8 25.a4 Bc7 26.Qb4 Bd6 27.Qd2 Qe7 28.Rc1 Bb4 29.Qd1 Na8
30.Rxc6 bxc6 31.Qc1 c5 32.Qd1 Nc7 33.Qd3 Kg7 34.Kf1 a5 35.Qc4 Qd6 36.Ke2 Ne8
37.Qb5 Nc7 38.Qd7 Qa6+ 39.Kf3 Qb6 40.Qe7 Ne6 41.Bxe6 Qxe6 42.Qxe6 fxe6 43.Ke2  1-0

[Event "Moscow ol (Men)"]
[Site "Moscow"]
[Date "1994.??.??"]
[Round "12"]
[White "Seirawan, Yasser"]
[Black "Istratescu, Andrei"]
[Result "1-0"]
[WhiteElo "2585"]
[BlackElo "2515"]

1.d4 Nf6 2.c4 g6 3.Nc3 Bg7 4.e4 O-O 5.Be3 d6 6.f3 Nbd7 7.Nh3 e5 8.d5 Nh5
9.g4 Nf4 10.Nxf4 exf4 11.Bxf4 Ne5 12.Be2 f5 13.exf5 gxf5 14.O-O fxg4 15.fxg4 h5
16.Bxe5 Bxe5 17.Qd3 Kg7 18.Rxf8 Qxf8 19.Rf1 Qe7 20.gxh5 Kh8 21.Qg6 Bh3 22.Qh6+ Kg8
23.Rf3 Bg4 24.Qg6+ Kh8 25.Rf7  1-0

[Event "Seattle op"]
[Site "Seattle"]
[Date "1994.??.??"]
[Round "4"]
[White "Seirawan, Yasser"]
[Black "Yermolinsky, Alex"]
[Result "1-0"]
[WhiteElo "2585"]
[BlackElo "2620"]

1.d4 Nf6 2.c4 g6 3.Nc3 Bg7 4.e4 d6 5.Bd3 O-O 6.Nge2 Nc6 7.O-O Re8 8.f3 e5
9.d5 Nd4 10.Bg5 c5 11.Qd2 a6 12.Nxd4 exd4 13.Ne2 Qc7 14.Bxf6 Bxf6 15.b4 b6
16.a4 Bd7 17.Rfc1 a5 18.b5 Bg7 19.Rf1 Rf8 20.Ng3 Rae8 21.f4 Qd8 22.h3 Qh4
23.Rf3 Bh6 24.Qf2 Kh8 25.Rf1 Re7 26.Nh1 Qxf2+ 27.Nxf2 f5 28.exf5 gxf5 29.g3 Be8
30.Kg2 Bh5 31.g4 Re3 32.Rxe3 dxe3 33.gxh5 exf2 34.Kf3 Re8 35.Bxf5 Bg7 36.Rxf2 Bd4
37.Rg2 Re3+ 38.Kg4 Kg7 39.Bc2 Rc3 40.Kf5+ Kf7 41.Kg5 Bf6+ 42.Kh6 Rxc4 43.Kxh7 Rxf4
44.Rg8 c4 45.Bg6+ Ke7 46.Re8+ Kd7 47.Rf8 c3 48.Rf7+ Kc8 49.h6 Rf2 50.h4 Bxh4
51.Rxf2 Bxf2 52.Kg8  1-0

[Event "Seattle op"]
[Site "Seattle"]
[Date "1994.??.??"]
[Round "7"]
[White "Orlov, Georgi"]
[Black "Seirawan, Yasser"]
[Result "1/2-1/2"]
[WhiteElo "2515"]
[BlackElo "2585"]

1.Nf3 Nf6 2.c4 e6 3.g3 d5 4.d4 Bb4+ 5.Bd2 Be7 6.Bg2 Nbd7 7.O-O c6 8.Qc2 O-O
9.Rc1 b6 10.Bf4 Bb7 11.Nbd2 c5 12.dxc5 Nxc5 13.Ne5 a5 14.Rd1 Rc8 15.Rac1 b5
16.cxb5 Qb6 17.Nc6 Bxc6 18.bxc6 Qxc6 19.Nb3 Qa6 20.Bf3 h6 21.Be3 Nfd7 22.Bd4 Nxb3
23.Qxb3 Bf6 24.Bxf6 Nxf6 25.Qa4 Rb8 26.Rc5 Rxb2 27.Rxa5 Qb6 28.Ra6 Qc5 29.Ra5 Qc3
30.Ra8 g5 31.Rxf8+ Kxf8 32.h4 Kg7 33.hxg5 hxg5 34.e3 Qc4 35.Qxc4 dxc4 36.Rc1 Rxa2
37.Rxc4  1/2-1/2

[Event "Donner mem"]
[Site "Amsterdam"]
[Date "1995.??.??"]
[Round "1"]
[White "Salov, Valery"]
[Black "Seirawan, Yasser"]
[Result "1-0"]
[WhiteElo "2685"]
[BlackElo "2625"]

1.d4 Nf6 2.c4 e6 3.g3 d5 4.Bg2 c6 5.Qc2 a5 6.Bf4 Nbd7 7.Nf3 Be7 8.O-O Nf8
9.c5 Ng6 10.Nc3 Nxf4 11.gxf4 h6 12.Ne5 g5 13.Kh1 Nh5 14.e3 Ng7 15.Na4 Nf5
16.Bh3 Nh4 17.Qe2 Bf6 18.Qh5 Qe7 19.Nb6 Rb8 20.Rad1 Kf8 21.Rd3 Kg7 22.Rg1 Ng6
23.Ra3 Bxe5 24.fxe5 Bd7 25.f4 Be8 26.Qg4 gxf4 27.exf4 Rf8 28.Qh5 Rh8 29.f5 exf5
30.Bxf5 Kf8 31.Rf3 Nh4 32.Rf4 Nxf5 33.Rxf5 Bd7 34.Rf6 Ke8 35.Nxd7 Qxd7 36.e6 Qe7
37.Rxf7  1-0

[Event "Donner mem"]
[Site "Amsterdam"]
[Date "1995.??.??"]
[Round "5"]
[White "Huzman, Alexander"]
[Black "Seirawan, Yasser"]
[Result "0-1"]
[WhiteElo "2580"]
[BlackElo "2625"]

1.e4 e6 2.d4 d5 3.Nd2 dxe4 4.Nxe4 Nd7 5.Nf3 Be7 6.Bd3 Ngf6 7.Nxf6+ Bxf6 8.Qe2 c5
9.d5 Nb6 10.Bb5+ Kf8 11.dxe6 Bxe6 12.O-O h6 13.Rd1 Qc7 14.a4 g5 15.a5 Nd5
16.Ra3 Kg7 17.Qe4 Ne7 18.h4 Bf5 19.Qa4 Ng6 20.h5 Ne7 21.Re3 Rad8 22.Ree1 Rxd1
23.Rxd1 Rd8 24.Re1 a6 25.Bd3 Bxd3 26.cxd3 Nc6 27.Be3 Qxa5 28.Qxa5 Nxa5 29.Bxc5 Rxd3
30.Re8 Nc6 31.b4 Bc3 32.Re4 Rd1+ 33.Kh2 Rb1 34.Nd4 Bxb4 35.Nf5+ Kf6 36.Bxb4 Kxf5  0-1

[Event "Donner mem"]
[Site "Amsterdam"]
[Date "1995.??.??"]
[Round "6"]
[White "Seirawan, Yasser"]
[Black "Timman, Jan H"]
[Result "1/2-1/2"]
[WhiteElo "2625"]
[BlackElo "2590"]

1.d4 Nf6 2.c4 e6 3.Nf3 d5 4.Nc3 Be7 5.Bg5 h6 6.Bh4 O-O 7.Rc1 Ne4 8.Bxe7 Qxe7
9.e3 c6 10.Qc2 Nd7 11.Be2 Nxc3 12.Qxc3 dxc4 13.Bxc4 b6 14.O-O Bb7 15.Rfd1 Rfd8
16.Be2 c5 17.Qa3 a5 18.Ne1 e5 19.Bf3 Bxf3 20.Nxf3 e4 21.Nd2 b5 22.Nb3 b4
23.Qa4 Rdc8 24.Nxc5 Nxc5 25.dxc5 Rxc5 26.Rxc5 Qxc5 27.g3 Qf5 28.Qd7 Qxd7
29.Rxd7 Rc8 30.Rd5 Rc2 31.Rxa5 Rxb2 32.h4 g6 33.g4 Kg7 34.Kg2 Kf6 35.Kg3 Ke6
36.a3 b3 37.Rb5 Kd6 38.g5 hxg5 39.hxg5 Kc6 40.Rb4 Kc5 41.Kg2 Rb1 42.Kg3 Rb2
43.Kg2  1/2-1/2

[Event "Donner mem"]
[Site "Amsterdam"]
[Date "1995.??.??"]
[Round "9"]
[White "Khalifman, Alexander"]
[Black "Seirawan, Yasser"]
[Result "1-0"]
[WhiteElo "2655"]
[BlackElo "2625"]

1.e4 c6 2.d4 d5 3.Nd2 dxe4 4.Nxe4 Bf5 5.Ng3 Bg6 6.h4 h6 7.Nf3 Nd7 8.h5 Bh7
9.Bd3 Bxd3 10.Qxd3 Qc7 11.Bd2 e6 12.O-O-O Bd6 13.Ne4 Ngf6 14.Kb1 Bf4 15.Nxf6+ Nxf6
16.Bxf4 Qxf4 17.Qa3 Qc7 18.Ne5 Qe7 19.Qe3 Nd7 20.Nd3 Qg5 21.f4 Qxg2 22.Rhg1 Qd5
23.Ne5 Rg8 24.c4 Qd6 25.d5 cxd5 26.Nxd7 Qxd7 27.cxd5 Rd8 28.f5 e5 29.Qxe5+ Qe7
30.Qd4 Kf8 31.d6 Qf6 32.Qc5 b6 33.Qd5 Rh8 34.d7 Qh4 35.Rge1 Kg8 36.Re8+ Kh7
37.Qxf7 Rhxe8 38.Qg6+  1-0

[Event "Donner mem"]
[Site "Amsterdam"]
[Date "1995.??.??"]
[Round "11"]
[White "Seirawan, Yasser"]
[Black "Van Wely, Loek"]
[Result "1/2-1/2"]
[WhiteElo "2625"]
[BlackElo "2585"]

1.d4 d5 2.c4 dxc4 3.e3 Nf6 4.Bxc4 e6 5.Nf3 c5 6.O-O a6 7.b3 Nbd7 8.Bb2 Be7
9.dxc5 Nxc5 10.Qxd8+ Bxd8 11.Nbd2 O-O 12.Be2 Be7 13.Rac1 Bd7 14.Bxf6 gxf6
15.Nc4 Bb5 16.Nd4 Rad8 17.Rfd1 f5 18.f3 Rd7 19.Nxb5 Rxd1+ 20.Rxd1 axb5 21.Nb6 b4
22.Bb5 Bd8 23.Nc4 Bf6 24.Nb6 Bd8 25.Nc4 Bf6 26.Nb6  1/2-1/2

[Event "Hoogovens"]
[Site "Wijk aan Zee"]
[Date "1995.??.??"]
[Round "?"]
[White "Van Wely, Loek"]
[Black "Seirawan, Yasser"]
[Result "0-1"]
[WhiteElo "2560"]
[BlackElo "2585"]

1.d4 Nf6 2.c4 e6 3.Nf3 b6 4.Nc3 Bb4 5.Qb3 c5 6.Bg5 Bb7 7.a3 Ba5 8.dxc5 Na6
9.cxb6 Nc5 10.Qc2 Be4 11.Qd1 Bxc3+ 12.bxc3 Qxb6 13.g3 Ng4 14.Qd4 O-O 15.Be7 Qb2
16.Rd1 Nb3 17.Qxe4 Qxc3+ 18.Nd2 Nxd2 19.Rxd2 Qa1+ 20.Rd1 Qc3+ 21.Rd2 Qc1+
22.Rd1 Qxd1+ 23.Kxd1 Nxf2+ 24.Kc2 Nxe4 25.Bxf8 Rxf8 26.Bg2 Nc5 27.Rb1 Rc8
28.Kc3 Kf8 29.Kd4 d6 30.e3 h5 31.Bf3 g6 32.Bd1 Ke7 33.Bc2 Rc6 34.a4 Ra6 35.Ra1 Rb6
36.a5 Rb8 37.Kc3 f5 38.Rg1 g5 39.h3 Kf6 40.Rf1 Ke5 41.g4 fxg4 42.hxg4 h4
43.Rf7 Rh8 44.Rg7 Ne4+  0-1

[Event "Hoogovens"]
[Site "Wijk aan Zee"]
[Date "1995.??.??"]
[Round "?"]
[White "Seirawan, Yasser"]
[Black "Van Wely, Loek"]
[Result "1/2-1/2"]
[WhiteElo "2585"]
[BlackElo "2560"]

1.d4 Nf6 2.c4 g6 3.Nc3 Bg7 4.e4 d6 5.Bd3 O-O 6.Nge2 Nc6 7.O-O Nd7 8.Be3 e5
9.d5 Nd4 10.Bc2 Nxc2 11.Qxc2 f5 12.exf5 gxf5 13.f4 Nf6 14.h3 Nh5 15.c5 exf4
16.Nxf4 Nxf4 17.Bxf4 Bd4+ 18.Kh2 Bxc5 19.Rf3 Rf7 20.Rg3+ Rg7 21.Rxg7+ Kxg7
22.Na4 Bd4 23.Rc1 Bd7 24.Qxc7 Rc8 25.Qxd8 Rxd8 26.Rc7 Kg6 27.Nc3 b5 28.Bg3 Be8
29.Ne2 Be3 30.Rc3 Bg5 31.Nf4+ Bxf4 32.Bxf4 h5 33.Rg3+ Kh7 34.Ra3 Rd7 35.Ra5 a6
36.Rxa6 Bf7 37.Rb6 Bxd5 38.Rxb5 Bxa2 39.Rxf5 Bf7 40.b4 Kg6 41.Ra5 d5 42.g4 hxg4
43.hxg4 d4 44.Ra6+ Kh7 45.Rd6 Rxd6 46.Bxd6 Kg6 47.Be5 Kg5 48.Kg3 Be6 49.Bf4+ Kf6
50.Kh4 Bc4 51.Kh5 Be2 52.Bg3 Bf3 53.Bh2 Be2 54.Kh4 Bd1 55.Bf4 Be2 56.Kg3 Ke6
57.Bd2 Ke5 58.g5 Bd3 59.Kf3 Kd5 60.Be1 Bg6 61.Ke2 Kc4 62.Kf3 Bd3 63.Kf4 Kd5
64.Kg4 Bg6 65.Kf3 Bd3 66.Bd2 Kc4 67.Be1 Kd5 68.Kf2 Kc4 69.Bd2 Bg6 70.Kf3 Bd3
71.Kf4 Kd5 72.Kg3 Bg6 73.Kf2 Kc4 74.Ke2 Bh5+ 75.Ke1 Kb5 76.Kf2  1/2-1/2

[Event "Hoogovens op"]
[Site "Wijk aan Zee"]
[Date "1995.??.??"]
[Round "6"]
[White "Zapata, Alonso"]
[Black "Seirawan, Yasser"]
[Result "0-1"]
[WhiteElo "2535"]
[BlackElo "2600"]

1.e4 c6 2.d4 d5 3.Nc3 dxe4 4.Nxe4 Bf5 5.Ng3 Bg6 6.h4 h6 7.Nf3 Nd7 8.h5 Bh7
9.Bd3 Bxd3 10.Qxd3 Qc7 11.Bd2 e6 12.O-O-O Bd6 13.Ne4 Ngf6 14.Nxd6+ Qxd6 15.Rh4 b5
16.Kb1 a5 17.g4 Qd5 18.Re1 c5 19.dxc5 Qxd3 20.cxd3 Nxc5 21.Ne5 Ncd7 22.Nc6 b4
23.f4 Nd5 24.g5 Ra6 25.Rc1 Ne7 26.Nd4 Rd6 27.Be3 hxg5 28.fxg5 e5 29.Nb5 Rxd3
30.Bc5 Nxc5 31.Rxc5 f6 32.Kc2 Rd8 33.Nc7+ Kd7 34.Rh1 Nf5 35.Kb3 Rc8 36.Na6 Rxc5
37.Nxc5+ Ke7 38.Ka4 fxg5 39.Ne4 g4 40.Rg1 Rxh5 41.Rxg4 Rh2 42.Rg5 Re2 43.Rxf5 Rxe4
44.Kxa5 Ke6 45.Rf8 g5 46.a4 bxa3 47.bxa3 Rf4 48.Rg8 e4 49.a4 Kf5 50.Re8 g4
51.Kb5 g3 52.Rf8+ Kg4 53.Rg8+ Kf3 54.a5 Rf7 55.a6 e3 56.Rb8 g2  0-1

[Event "Hoogovens op"]
[Site "Wijk aan Zee"]
[Date "1995.??.??"]
[Round "7"]
[White "Seirawan, Yasser"]
[Black "Sokolov, Ivan"]
[Result "1/2-1/2"]
[WhiteElo "2600"]
[BlackElo "2645"]

1.c4 e5 2.g3 c6 3.Bg2 Nf6 4.d4 exd4 5.Qxd4 d5 6.cxd5 cxd5 7.Nf3 Nc6 8.Qa4 Bc5
9.O-O O-O 10.Bg5 h6 11.Bxf6 Qxf6 12.Nc3 Be6 13.Ne1 Rad8 14.Nd3 Bd4 15.Rac1 Rfe8
16.Nf4 Qe5 17.e3 Bxc3 18.bxc3 Re7 19.Rfd1 Red7 20.Qb5 a6 21.Qc5 Qd6 22.Qxd6 Rxd6
23.c4 dxc4 24.Rxd6 Rxd6 25.Nxe6 fxe6 26.Rxc4 Rd1+ 27.Bf1 Kf7 28.Kg2 Rd2 29.a4 Kf6  1/2-1/2

[Event "Hoogovens op"]
[Site "Wijk aan Zee"]
[Date "1995.??.??"]
[Round "9"]
[White "Seirawan, Yasser"]
[Black "Short, Nigel D"]
[Result "1/2-1/2"]
[WhiteElo "2600"]
[BlackElo "2655"]

1.d4 Nf6 2.c4 e6 3.Nf3 d5 4.Nc3 Be7 5.Bg5 O-O 6.e3 h6 7.Bxf6 Bxf6 8.cxd5 exd5
9.b4 c6 10.Bd3 a5 11.b5 c5 12.O-O Be6 13.Rc1 Nd7 14.dxc5 Nxc5 15.Nd4 Nxd3
16.Qxd3 Rc8 17.Nce2 Qd6 18.h3 Bd7 19.Rfd1 Rfd8 20.Nf4 Rxc1 21.Rxc1 Be5 22.Nfe2 Qe7
23.Nf3 Bb8 24.a4 Bd6 25.Ned4 g6 26.Rc2 Re8 27.Qd1 Qe4 28.Rc3 Rc8 29.Rxc8+ Bxc8
30.Kf1 Bd7 31.Ke2 f5 32.Qd3 Kf7 33.h4 b6 34.Qd1 f4 35.Qc2 fxe3 36.fxe3 Qxc2+
37.Nxc2 Bg4 38.Nd4 Bg3 39.Kd3 Ke7 40.Ne2 Bxf3 41.gxf3 Bxh4 42.Nf4 Kd6 43.Nxg6 Bg5
44.f4 Bf6 45.e4 dxe4+ 46.Kxe4 h5 47.f5 h4 48.Nf4 Kc5 49.Kf3 Kc4 50.Kg4 Be5
51.Ng6 Bd6 52.Nxh4 Kb4 53.f6 Kxa4 54.Kf5 Kxb5 55.Ke6 Bc5 56.Ng6 a4 57.f7 a3
58.Ne7 a2 59.f8=Q a1=Q 60.Qe8+ Kc4 61.Nc6 Qa2 62.Kd7 Qd2+ 63.Kc8 Qd5 64.Qe2+ Kb3
65.Ne5 Bd4 66.Qd3+ Kb4 67.Qd2+ Kb5 68.Qd3+ Ka4 69.Qd1+ Kb5  1/2-1/2

[Event "Hoogovens op"]
[Site "Wijk aan Zee"]
[Date "1995.??.??"]
[Round "11"]
[White "Khalifman, Alexander"]
[Black "Seirawan, Yasser"]
[Result "1/2-1/2"]
[WhiteElo "2635"]
[BlackElo "2600"]

1.d4 d5 2.c4 e6 3.Nf3 c6 4.Nc3 Nf6 5.Bg5 Be7 6.e3 Nbd7 7.Bd3 O-O 8.O-O b6
9.cxd5 cxd5 10.Rc1 Bb7 11.Qb3 a6 12.Rc2 b5 13.a4 b4 14.Ne2 h6 15.Bf4 Rc8
16.Rfc1 Rxc2 17.Rxc2 Qa8 18.Bc7 Nb8 19.Ne5 Nc6 20.Bb6 Rc8 21.Nxc6 Bxc6 22.Bc5 Bxc5
23.Rxc5 a5 24.Qd1 Nd7 25.Rc1 Nb6 26.b3 Be8 27.f3 Rxc1 28.Qxc1 Qc8 29.Kf2 Qxc1
30.Nxc1 Kf8 31.Be2 Ke7 32.Nd3 Kd6 33.h4 f6 34.Nc5 Bc6 35.Ke1 Nd7 36.Nxd7  1/2-1/2

[Event "Amsterdam VSB"]
[Site "Amsterdam"]
[Date "1996.??.??"]
[Round "4"]
[White "Seirawan, Yasser"]
[Black "Topalov, Veselin"]
[Result "1/2-1/2"]
[WhiteElo "2630"]
[BlackElo "2700"]

1.d4 Nf6 2.c4 e6 3.Nc3 Bb4 4.Qc2 O-O 5.a3 Bxc3+ 6.Qxc3 b6 7.Bg5 Bb7 8.f3 h6
9.Bh4 d5 10.cxd5 exd5 11.e3 Re8 12.Bb5 c6 13.Ba4 Nbd7 14.Ne2 Qe7 15.Bf2 Ba6
16.b4 Rec8 17.Qb2 Bc4 18.Bb3 b5 19.Bxc4 bxc4 20.O-O a5 21.Nc3 Rcb8 22.Rab1 axb4
23.axb4 Rb7 24.Rfe1 Qf8 25.e4 Rab8 26.b5 dxe4 27.fxe4 cxb5 28.Qb4 Qxb4 29.Rxb4 Ra8
30.Reb1 Ra3 31.Be1 Nf8 32.Nxb5 Rd3 33.e5 Nd5 34.Rxc4 Ne6 35.Rcc1 Nxd4 36.Nxd4 Rxb1
37.Rxb1 Rxd4 38.Rb8+ Kh7 39.Rd8 Kg6 40.Bg3 Rd2 41.Rd6+ Kf5 42.Rd7 Kg6  1/2-1/2

[Event "Amsterdam VSB"]
[Site "Amsterdam"]
[Date "1996.??.??"]
[Round "6"]
[White "Seirawan, Yasser"]
[Black "Anand, Viswanathan"]
[Result "1/2-1/2"]
[WhiteElo "2630"]
[BlackElo "2725"]

1.d4 Nf6 2.Nf3 g6 3.Bg5 Bg7 4.Nbd2 c5 5.e3 cxd4 6.exd4 d5 7.c3 Nc6 8.Bd3 O-O
9.h3 Qc7 10.O-O Bf5 11.Qc2 Bxd3 12.Qxd3 e6 13.Rfe1 Rfe8 14.Bxf6 Bxf6 15.h4 Ne7
16.g3 Nf5 17.Kg2 h6 18.a4 Bg7 19.Ne5 Nd6 20.f4 h5 21.Nf1 Kh7 22.Ne3 f5 23.Nf1 Ne4
24.Nd2 Bxe5 25.fxe5 Qb6 26.Nxe4 fxe4 27.Qb5 Rf8 28.Rf1 Qc7 29.Rxf8 Rxf8 30.Rf1 Rxf1
31.Qxf1 Kg8 32.Qf6 Qf7 33.Qf4 Qxf4 34.gxf4 Kf7 35.b3  1/2-1/2

[Event "Amsterdam VSB"]
[Site "Amsterdam"]
[Date "1996.??.??"]
[Round "7"]
[White "Short, Nigel D"]
[Black "Seirawan, Yasser"]
[Result "1/2-1/2"]
[WhiteElo "2665"]
[BlackElo "2630"]

1.e4 c6 2.d4 d5 3.e5 Bf5 4.Nf3 e6 5.Be2 Ne7 6.a3 Nd7 7.O-O Bg6 8.Nbd2 a5
9.c4 a4 10.Re1 h6 11.b3 axb3 12.Qxb3 Qb6 13.Qa2 Nc8 14.c5 Qc7 15.a4 Be7 16.Nb3 b6
17.cxb6 Ndxb6 18.a5 Nc4 19.Bd2 O-O 20.Bc3 Na7 21.Bxc4 dxc4 22.Nbd2 Nb5 23.Qb2 Rfb8
24.Qc1 Nxc3 25.Qxc3 Bb4 26.Qxc4 Rxa5 27.Rec1 Bxd2 28.Nxd2 Rxa1 29.Rxa1 Rb2
30.Qc3 Rc2 31.Qe3 c5  1/2-1/2

[Event "Amsterdam VSB"]
[Site "Amsterdam"]
[Date "1996.??.??"]
[Round "9"]
[White "Seirawan, Yasser"]
[Black "Timman, Jan H"]
[Result "1/2-1/2"]
[WhiteElo "2630"]
[BlackElo "2620"]

1.d4 Nf6 2.Nf3 e6 3.c4 b6 4.g3 Ba6 5.b3 Bb7 6.Bg2 Bb4+ 7.Bd2 a5 8.O-O O-O
9.Bg5 a4 10.bxa4 h6 11.a3 Ba5 12.Bxf6 Qxf6 13.Ra2 d6 14.e3 e5 15.Nbd2 Bxd2
16.Rxd2 Bc6 17.dxe5 dxe5 18.c5 bxc5  1/2-1/2